00780 2200181 4500245005600000020001900056250001100075100001700086700001700103650001700120005001900137260004200156041001400198084000800212300002300220500034600243336000900589 aBerkeliling Dunia di Bawah LautcVerne, JuleshText a978-602-6186-5 aCet. 1 aVerne, Jules aAgus Setiadi aFiksi Ilmiah a20250305091718 aJakartabGramedia Pustaka Utamac2023 aIndonesia a823 a384 hlm. :c20 cm. aSaat membaca buku ini, kita perlu ingat bahwa pada masa itu belum pernah ada manusia yang sampai di kedalaman-kedalaman samudra yang dilukiskan olehnya. Begitu jelas penggambarannya tentang keadaan di daerah pulau-pulau karang yang terbenam di dasar laut, sehingga kita serasa ikut serta dalam ekspedisi bersama Kapten Nemo dan para awaknya. atext